000 03009nam0a2200409 4500
001 RU\NLR\BIBL_A\022624699
005 20251121155922.0
010 _a978-5-907966-39-0
_9100
021 _aRU
_bКН-П-25-037405
_9КН-П-25-3669
035 _a(NLR Aleph) 022624699
090 _a13465665
_c13465665
100 _a20250918d2025 k y0rusy50 ca
101 0 _arus
_deng
102 _aRU
105 _aa|||z|||100yy
181 0 _ai3
_baxxe
182 0 _an
200 1 _aСовременные тенденции развития теории и методики спорта высших достижений и системы подготовки спортивного резерва
_eматериалы VIII Всероссийской научно-практической конференции с международным участием (Малаховка, 3-4 апреля 2025 г.)
_fМинистерство спорта Российской Федерации, Московская государственная академия физической культуры
_gпод общей редакцией Н. Н. Чеснокова
203 _aТекст
_bвизуальный
_cнепосредственный
210 _aМалаховка
_cМГАФК
_d2025
215 _a403 с.
_cил., табл.
_d21
225 1 _aДесятилетие науки и технологий, 22-31
300 _aНа обл. подзаг.: VIII Всероссийская научно-практическая конференция с международным участием: материалы
300 _aРез. англ.
320 _aБиблиогр. в конце ст.
606 1 _aСпорт высших достижений
_jСъезды, совещания и т.п
_2nlr_sh2
_3RU\NLR\AUTH\6601629768
606 1 _aСпортивный резерв
_xПодготовка
_jСъезды, совещания и т.п
_2nlr_sh2
_3RU\NLR\AUTH\6601674168
686 1 _aЧ519высш.я431
686 1 _aЧ511.53я431
702 1 _aЧесноков
_bН. Н.
_cд-р пед. наук
_f1957-
_gНиколай Николаевич
_3RU\NLR\AUTH\770127124
_4340
711 1 2 _a"Современные тенденции развития теории и методики спорта высших достижений и системы подготовки спортивного резерва", всероссийская научно-практическая конференция с международным участием
_d8
_f2025
_eпос. Малаховка, Московская обл.
_3RU\NLR\AUTH\880631534
712 0 2 _aМосковская государственная академия физической культуры
_cпос. Малаховка
_3RU\NLR\AUTH\8816903
_4475
942 _cBOOK
980 _aNB